Παιδαγωγικές της Συμπερίληψης (Record no. 8283)
[ view plain ]
| 000 -LEADER | |
|---|---|
| fixed length control field | 02007cam a22001934a 4500 |
| 005 - ΗΜΕΡΟΜΗΝΙΑ ΚΑΙ ΩΡΑ ΤΕΛΕΥΤΑΙΑΣ ΕΝΗΜΕΡΩΣΗΣ | |
| Πεδίο ελέγχου | 20250605164331.0 |
| 008 - FIXED-LENGTH DATA ELEMENTS--GENERAL INFORMATION | |
| Πεδίο ελέγχου σταθερού μήκους | 250528s ||||||||||||||||||||||||d |
| 035 ## - SYSTEM CONTROL NUMBER | |
| System control number | 23254 |
| 020 ## - ISBN | |
| ISBN | 9789609541732 |
| 040 ## - ΠΗΓΗ ΚΑΤΑΛΟΓΟΓΡΑΦΗΣΗΣ | |
| Φορέας πρωτότυπης καταλογογράφησης | MC Athens Campus Library |
| Γλώσσα καταλογογράφησης | Ελληνικά, Μοντέρνα (1453-) |
| Modifying agency | MC Athens Campus Library |
| Κανόνες περιγραφικής καταλογογράφησης | AACR2 |
| 245 1# - ΤΙΤΛΟΣ ΚΑΙ ΔΗΛΩΣΗ ΥΠΕΥΘΥΝΟΤΗΤΑΣ | |
| Τίτλος | Παιδαγωγικές της Συμπερίληψης |
| 260 ## - PUBLICATION, DISTRIBUTION, ETC. | |
| Name of publisher, distributor, etc. | Διάδραση, |
| Date of publication, distribution, etc. | 2019 |
| 300 ## - PHYSICAL DESCRIPTION | |
| Extent | 448 |
| 520 ## - SUMMARY, ETC. | |
| Summary, etc. | Σε αυτό το βιβλίο κτίζεται το επιχείρημα ότι η συμπεριληπτική εκπαίδευση εξαρτάται σε μεγάλο βαθμό από το τι κάνουν οι εκπαιδευτικοί μέσα στις τάξεις τους. Εισαγωγή, Παιδαγωγικές της Συμπερίληψης, Ανάπτυξη Συμπεριληπτικής Εκπαίδευσης Μέσα από Άτυπα Περιβάλλοντα Μάθησης, Η Παιδαγωγική της Παροχής Ίσων Ευκαιριών, Μορφές Ηγεσίας που Προωθούν τη Συμπεριληπτική Εκπαίδευση, Η Δραστικότητα των Μικρών Εσωτερικών Δικτύων Συνεργασίας για τη Σχολική Βελτίωση, Ο Ρόλος της Μεντορικής Σχέσης στην Εισαγωγική Επιμόρφωση των Εκπαιδευτικών για την Ανάπτυξη Συμπεριληπτικής Εκπαίδευσης, Επιτυχημένοι Ηγέτες και οι Προσπάθειες Παροχής Ίσων Εκπαιδευτικών Ευκαιριών, Η Εκπαίδευση των Εκπαιδευτικών στη Συμπεριληπτική Εκπαίδευση, Από την Ειδική στη Συμπεριληπτική Εκπαίδευση, Η Συμπεριληπτικότητα της Διαπολιτισμικότητας. |
| 700 1# - ΠΡΟΣΘΕΤΗ ΑΝΑΓΡΑΦΗ--ΦΥΣΙΚΟ ΠΡΟΣΩΠΟ | |
| Personal name | Αγγελίδης Παναγιώτης |
| 9 (RLIN) | 8842 |
| 942 ## - ADDED ENTRY ELEMENTS (KOHA) | |
| Koha item type | Books |
| Τύπος τεκμηρίου | Βιβλιοθήκη | Τρέχουσα τοποθεσία | Barcode | Αριθμός εισαγωγής | Ημερομηνία απόκτησης | Ταξιθετικό σύμβολο | Αριθμός αντιτύπου | Κατάσταση απόσυρσης | Κατάσταση χαμένου | Κατάσταση κατεστραμμένου | Μη δανεισμός | Σύνολο δανεισμών | Ημερομηνία τελευταίας εμφάνισης | Η τιμή ισχύει από |
|---|---|---|---|---|---|---|---|---|---|---|---|---|---|---|
| Books | MC Athens Campus Library | MC Athens Campus Library | 9780000082824 | 7629 | 05/06/2025 | 362.2 AGG | 1 | 05/06/2025 | 05/06/2025 |